00998cam a2200265 a 450000100100000000500170001000800410002701000130006802000150008103500190009604000350011508200190015010000270016924500350019626000680023130000270029949000770032665000300040365000320043383000870046591000340055204900090058695201220059599900150071700000937720200929161555.0911017s1991 ck a 000 p spa c a91206201 a9589075231 a(DLC) 91206201 aDO-SdBNPbspacICUdDLCdBNPHU aC861.44bR436d1 aRestrepo, Elkin92415613aLa dádiva /cElkin Restrepo. aMedellín :bBiblioteca Pública Piloto de Medellín,c1991. a91 p. :bil. ;c18 cm.1 aPublicaciones especiales Biblioteca Pública Piloto de Medellínvv. 8 4aPoesía colombiana93742 4aLiteratura colombiana91244 0aPublicaciones especiales Biblioteca Pública Piloto de Medellín ;vv. 8.924157 aCatalogación por copia / LC aBNGR 001052708MOaGRbGRcCTd2009-09-29iLF1l0oC861.44 R436dp9377-10r2020-06-25w2020-06-25y2ZPréstamo interno c9137d9137